Die 100 besten Bücher (Norwegian Bookclub) - Statistiken

Allgemein
  • Dieses Quiz wurde 96 mal gespielt
  • Das Durchschnittsergebnis liegt bei 16 aus 99
Antwortstatistiken
Autor:in Titel % Korrekt
Johann Wolfgang von Goethe Faust
78%
Astrid Lindgren Pippi Langstrumpf
77%
George Orwell 1984
71%
Lew Tolstoi Krieg und Frieden
60%
Jane Austen Stolz und Vorurteil
60%
William Shakespeare Hamlet
58%
Herman Melville Moby Dick
58%
Günter Grass Die Blechtrommel
56%
Homer Ilias
52%
Fjodor Dostojewski Schuld und Sühne
48%
Thomas Mann Der Zauberberg
44%
Thomas Mann Buddenbrooks
43%
Dante Alighieri Die göttliche Komödie
42%
Hans-Christian Andersen Märchen
40%
Ernest Hemingway Der alte Mann und das Meer
38%
Emily Brontë Sturmhöhe
38%
Mark Twain Die Abenteuer des Huckleberry Finn
35%
Vladimir Nabokov Lolita
35%
James Joyce Ulysses
35%
Lew Tolstoi Anna Karenina
34%
William Shakespeare Othello
34%
Albert Camus Der Fremde
32%
Ovid Metamorphosen
31%
Marcel Proust Auf der Suche nach der verlorenen Zeit
30%
Jonathan Swift Gullivers Reisen
30%
Gabriel García Márquez Hundert Jahre Einsamkeit
30%
Alfred Döblin Berlin Alexanderplatz
29%
Franz Kafka Das Schloss
27%
Fjodor Dostojewski Der Idiot
27%
Miguel de Cervantes Don Quijote
27%
Homer Die Odysee
25%
William Shakespeare König Lear
22%
Giovanni Boccaccio Das Decamerone
21%
Robert Musil Der Mann ohne Eigenschaften
21%
Fjodor Dostojewski Die Brüder Karamasow
19%
Gustave Flaubert Madame Bovary
19%
Franz Kafka Das Urteil
18%
Knut Hamsun Hunger
17%
Nikolai Gogol Die toten Seelen
14%
Nikos Kazantzakis Alexis Zorbas
13%
Virginia Woolf Mrs. Dalloway
13%
Halldór Laxness Sein eigener Herr
12%
Charles Dickens Große Erwartungen
10%
Sophokles König Ödipus
8%
Stendhal Rot und Schwarz
8%
Honoré de Balzac Vater Goriot
6%
Geoffrey Chaucer Canterbury Tales
5%
Fjodor Dostojewski Die Dämonen
5%
François Rabelais Gargantua und Pantagruel
5%
Walt Whitman Grashalme
5%
Henrik Ibsen Nora oder Ein Puppenheim
5%
Chinua Achebe Alles zerfällt
4%
Anton Chekhov Erzählungen
4%
Franz Kafka Erzählungen
4%
Edgar Allen Poe Erzählungen
4%
Paul Celan Gedichte
4%
Giacomo Leopardi Gedichte
4%
Gabriel García Márquez Liebe in Zeiten der Cholera
4%
George Eliot Middlemarch
4%
Virgin Aeneis
3%
Unbekannt Das Buch Hiob
3%
Doris Lessing Das goldene Notizbuch
3%
Michel de Montaigne Essays
3%
Verschiedene Tausend und eine Nacht
3%
Unbekannt Gilgamesch-Epos
1%
Denis Diderot Jacques der Fatalist und sein Herr
1%
Euripides Medea
1%
Salman Rushde Mitternachtskinder
1%
Louis-Ferdinand Céline Reise ans Ende der Nacht
1%
William Faulkner Schall und Wahn
1%
Tayeb Salih Zeit der Nordwanderung
1%
Kālidāsa Abhijnanashakuntala
0%
William Faulkner Absalom, Absalom!
0%
Unbekannt Brennu Njals Saga
0%
Saadi Bustan
0%
Fernando Pessoa Das Buch der Unruhe
0%
Lew Tolstoi Der Tod des Iwan Iljitsch
0%
Ralph Ellison Der unsichtbare Mann
0%
Virginia Woolf Die Fahrt zum Leuchtturm
0%
Naguib Mahfouz Die Kinder unseres Viertels
0%
José Saramago Die Stadt der Blinden
0%
Yasunari Kawabati Ein Kirschbaum im Winter
0%
Jorge Luis Borges Fiktionen
0%
Murasaki Shikibu Genji Monogatari
0%
João Guimarães Rosa Grande Sertão
0%
Elsa Morante History
0%
Marguerite Yourcenar Ich zähmte die Wölfin
0%
Laurence Sterne Leben und Ansichten von Tristram Shandy, Gentleman
0%
Gustave Flaubert L´Education sentimentale
0%
Vyasa Mahabharata
0%
Rumi Masnawi
0%
Toni Morrison Menschenkind
0%
Samuel Beckett Molloy, Malone stirbt, Der Namenlose – eine Trilogie
0%
Joseph Conrad Nostromo
0%
Juan Rulfo Pedro Páramo
0%
Valmiki Ramayana
0%
D. H. Lawrence Söhne und Liebhaber
0%
Lu Xun Tagebuch eines Verrückten
0%
Italo Svevo Zeno Cosini
0%
Keine übereinstimmenden Quizze gefunden
Verteilung der Resultate
Anzahl Personen mit jedem Resultat
Perzentil nach korrekt beantworteten Fragen
Ihre Resultats-Entwicklung
Sie haben dieses Quiz noch nicht gespielt